Länder, die auf -IEN enden - Sudden Death - Statistiken

Allgemein
  • Dieses Quiz wurde 206 mal gespielt
  • Das Durchschnittsergebnis liegt bei 12 aus 20
Answers on the Grid
Answers color-coded by a green-red scale on the quiz's grid according to % correct below.
 
Antwortstatistiken
Antwort % Korrekt
Spanien
77%
Indien
74%
Italien
74%
Georgien
74%
Serbien
66%
Tunesien
65%
Saudi-Arabien
65%
Australien
63%
Slowenien
62%
Bulgarien
62%
Rumänien
60%
Kolumbien
55%
Armenien
53%
Moldawien
51%
Indonesien
51%
Äthiopien
50%
Syrien
47%
Mauretanien
44%
Bolivien
40%
Föderierte Staaten
von Mikronesien
40%
Keine übereinstimmenden Quizze gefunden
Verteilung der Resultate
Anzahl Personen mit jedem Resultat
Perzentil nach korrekt beantworteten Fragen
Ihre Resultats-Entwicklung
Sie haben dieses Quiz noch nicht gespielt